| 000 | 00438nam a2200181Ia 4500 | ||
|---|---|---|---|
| 001 | 12852 | ||
| 005 | 20260306163011.0 | ||
| 008 | 260306t1992||||xx |||||||||||||| ||spa|| | ||
| 041 | _aESP | ||
| 082 |
_aRD 368.003 _bC33 |
||
| 100 |
_aCastelo Matrán, Julio _eAUT |
||
| 245 | 0 | _aDiccionario MAPFRE de seguros | |
| 260 | _c1992 | ||
| 300 |
_axi, 646 páginas : _c25 cm. |
||
| 650 | _aGEN | ||
| 654 | _aCHU | ||
| 942 |
_cDIC _dJUS _fJUS _2ddc _n |
||
| 999 |
_c12852 _d12852 |
||